000 00625nam a2200241Ia 4500
003 OSt
005 20220928115419.0
006 a|||||r|||| 00| 0
007 ta
008 220927b |||||||| |||| 00| 0 eng d
024 _a36875
037 _cTextual
040 _aSDCL
_cSDCL
_beng
041 _2eng
_aeng
082 _aS:6820aT, K9
100 _aEcroyd Donald H
_9444168
245 0 _aSpeech in the classroom.
250 _a2
260 _aEnglewood
_bCliffs Prentice-Hall
_c1969
300 _axi,180p.
_ccm.
942 _hS:6820aT, K9
_cTEXL
_2CC
999 _c759283
_d759283